Zborník z medzinárodnej konferencie Sústava vodných diel Gabčíkovo - Nagymaros. Zámery a skutočnosť : Bratislava, SR, 7. - 9. septembra 1993
Gespeichert in:
| Körperschaft: | |
|---|---|
| Format: | Tagungsbericht Buch |
| Sprache: | Slowakisch |
| Veröffentlicht: |
Bratislava :
Slovenský zväz stavebných inžinierov,
1993
|
| Tags: |
Keine Tags, Fügen Sie das erste Tag hinzu!
|
MARC
| LEADER | 00000nam a22000003a 4500 | ||
|---|---|---|---|
| 001 | 0025115 | ||
| 003 | SK-STU | ||
| 005 | 20191028142734.8 | ||
| 007 | ta | ||
| 008 | 170710s ----xo-----e------000-0-----d | ||
| 040 | |a STU |b slo | ||
| 041 | 0 | |a slo | |
| 044 | |a xo | ||
| 111 | 2 | |a Sústava vodných diel Gabčíkovo - Nagymaros. Zámery a skutočnosť |d 7. - 9. 9. 1993 |c Bratislava, Slovenská republika | |
| 245 | 1 | 0 | |a Zborník z medzinárodnej konferencie Sústava vodných diel Gabčíkovo - Nagymaros. Zámery a skutočnosť : |b Bratislava, SR, 7. - 9. septembra 1993 |
| 246 | 3 | 1 | |a Proceedings of the International Conference The Gabčíkovo - Nagymaros System. Intentions and Reality |
| 260 | |a Bratislava : |b Slovenský zväz stavebných inžinierov, |c 1993 | ||
| 300 | |a 493 s. | ||
| 996 | |b 284V040666 |c V* 2489/sc-17 |l VVT |s A |a 24 |w 0025115_0001 | ||